Court circular.

Gespeichert in:
Bibliographische Detailangaben
1. Verfasser: Stokes, Sewell, 1902-
Format: Buch
Sprache:English
Veröffentlicht: London : Right Book Club, 1951.
Schlagworte:
LEADER 00716nam a2200205 i 4500
001 c000026634
003 CARM
005 00000000000000.0
008 841001s1951 enk 0 eng d
019 1 |a 9249883  |5 LACONCORD2021 
035 |a (OCoLC)2380004  |5 LACONCORD2021 
100 1 |a Stokes, Sewell,  |d 1902- 
245 1 0 |a Court circular. 
260 |a London :  |b Right Book Club,  |c 1951. 
300 |a 254 p. 
500 |a Originally published 1950. 
600 1 0 |a Stokes, Sewell,  |d 1902- 
852 8 |b CARM  |h A2:AF25G0  |i A00489  |p 0065970  |f BK 
999 f f |i 33525950-02c3-51c2-95b5-f22a6173746c  |s 0e08e2a5-f943-5388-9e40-d049f1178ea6 
952 f f |p Can circulate  |a CAVAL  |b CAVAL  |c CAVAL  |d CARM 1 Store  |e A00489  |f A2:AF25G0  |h Other scheme  |i book  |m 0065970